00528nam a2200181 a 450000100100000000500170001000800410002702000150006804000250008308200150010810000230012324000520014624500550019826000310025330000360028449000130032083000130033300004226920201002040037.0131121s1975 sp ac 000 0 spa d a8473640497 aDO-SdBNPbspacBNPHU axxxbB819B1 aThomas, Bobd1922-10aMarlon, portrait of the rebel as an artistleng10aMarlon Brando :bun artista rebelde /cBob Thomas. aBarcelona :bEuros,c1975. a232 p. :bil., retrs. ;c22 cm.1 aPersonae 0aPersonae